<?xml version="1.0" encoding="UTF-8"?><?xml-stylesheet type="text/xsl" href="static/style.xsl"?><OAI-PMH xmlns="http://www.openarchives.org/OAI/2.0/" xmlns:xsi="http://www.w3.org/2001/XMLSchema-instance" xsi:schemaLocation="http://www.openarchives.org/OAI/2.0/ http://www.openarchives.org/OAI/2.0/OAI-PMH.xsd"><responseDate>2026-04-17T05:49:06Z</responseDate><request verb="GetRecord" identifier="oai:www.recercat.cat:2072/403897" metadataPrefix="marc">https://recercat.cat/oai/request</request><GetRecord><record><header><identifier>oai:recercat.cat:2072/403897</identifier><datestamp>2026-03-22T23:45:58Z</datestamp><setSpec>com_2072_98</setSpec><setSpec>col_2072_378192</setSpec></header><metadata><record xmlns="http://www.loc.gov/MARC21/slim" xmlns:dcterms="http://purl.org/dc/terms/" xmlns:xsi="http://www.w3.org/2001/XMLSchema-instance" xmlns:doc="http://www.lyncode.com/xoai" xsi:schemaLocation="http://www.loc.gov/MARC21/slim http://www.loc.gov/standards/marcxml/schema/MARC21slim.xsd">
   <leader>00925njm 22002777a 4500</leader>
   <datafield ind2=" " ind1=" " tag="042">
      <subfield code="a">dc</subfield>
   </datafield>
   <datafield ind2=" " ind1=" " tag="720">
      <subfield code="a">Carrasco Henríquez, Eduardo Andres</subfield>
      <subfield code="e">author</subfield>
   </datafield>
   <datafield ind2=" " ind1=" " tag="720">
      <subfield code="a">Díaz Moreno, Leonora</subfield>
      <subfield code="e">author</subfield>
   </datafield>
   <datafield ind2=" " ind1=" " tag="720">
      <subfield code="a">Buendia Abalos, Gabriela</subfield>
      <subfield code="e">author</subfield>
   </datafield>
   <datafield ind2=" " ind1=" " tag="260">
      <subfield code="c">2014</subfield>
   </datafield>
   <datafield ind2=" " ind1=" " tag="520">
      <subfield code="a">Se presenta una investigación sobre prácticas de construcción e interpretación de una figura de entidades ostensibles y/o no ostensibles de un fenómeno de variación que llamamos prácticas de figuración. Es una aproximación de estudio de casos que indaga en contextos escolares e históricos de Oresme y de Newton, estas últimas como hitos en el desarrollo histórico de la gráfica cartesiana. Es interpretativa, pues se reúnen unas prácticas de casos científicos y estudiantiles. Es analítica en cuanto a que se identifican factores imbricados en tales prácticas. Y relacional, pues se buscan eslabones y disonancias respecto a los elementos configurados. Se comprende a las figuraciones -estudiantil e histórica- de lo que varía desde una epistemología de la figuración.</subfield>
   </datafield>
   <datafield ind2=" " ind1=" " tag="520">
      <subfield code="a">This article presents a research about practices of construction and interpretation of a figure representing ostensive and non-ostensive entities in a variation phenomenon. It is a qualitative case study, investigating some practices of figuration based on the Cartesian's graph historical constitution and other cases on student's productions. It is an interpretive study, since it seeks to understand figurative practices cases of scientists and other cases of student's figuration. It is analytical, since the study seeks analytical factors in figuration practices embedded in these practices. And relational, since it seeks to establish links and dissonance, regarding the elements that are being configured. We understand the student and historical figurations of what varies from an epistemology of figuration perspective.</subfield>
   </datafield>
   <datafield ind2=" " ind1=" " tag="520">
      <subfield code="a">Es presenta una investigació sobre pràctiques de construcció i interpretació d'una figura d'entitats ostensibles i/o no ostensibles d'un fenomen de variació que anomenem pràctiques de figuració. És una aproximació d'estudi de casos que indaga en contextos escolars i històrics d'Oresme i de Newton, aquestes últimes com a fites en el desenvolupament històric de la gràfic cartesià. És interpretativa, ja que es reuneixen unes pràctiques de casos científics i estudiantils. És analítica pel que fa que s'identifiquen factors imbricats en aquestes pràctiques. I relacional, ja que es busquen baules i dissonàncies respecte als elements configurats. Es comprèn a les figuracions -estudiantil i històrica- del que varia des d'una epistemologia de la figuració.</subfield>
   </datafield>
   <datafield tag="653" ind2=" " ind1=" ">
      <subfield code="a">Figuración</subfield>
   </datafield>
   <datafield tag="653" ind2=" " ind1=" ">
      <subfield code="a">Variación</subfield>
   </datafield>
   <datafield tag="653" ind2=" " ind1=" ">
      <subfield code="a">Gráfica cartesiana</subfield>
   </datafield>
   <datafield tag="653" ind2=" " ind1=" ">
      <subfield code="a">Figuration</subfield>
   </datafield>
   <datafield tag="653" ind2=" " ind1=" ">
      <subfield code="a">Variation</subfield>
   </datafield>
   <datafield tag="653" ind2=" " ind1=" ">
      <subfield code="a">Cartesian graph</subfield>
   </datafield>
   <datafield tag="653" ind2=" " ind1=" ">
      <subfield code="a">Figuració</subfield>
   </datafield>
   <datafield tag="653" ind2=" " ind1=" ">
      <subfield code="a">Variació</subfield>
   </datafield>
   <datafield tag="653" ind2=" " ind1=" ">
      <subfield code="a">Gràfic cartesià</subfield>
   </datafield>
   <datafield ind2="0" ind1="0" tag="245">
      <subfield code="a">Figuración de lo que varía</subfield>
   </datafield>
</record></metadata></record></GetRecord></OAI-PMH>